[Event "Mistrzostwa Polski Seniorow oraz Osob Ni"]
[Site "WZW "]
[Date "2013.10.02"]
[Round "3.1"]
[White "Kaczorowski, Piotr"]
[Black "Kawula, Andrzej"]
[Result "0-1"]
[WhiteElo "2063"]
[BlackElo "1990"]
[PlyCount "95"]
[EventDate "2013.??.??"]

1. Nf3 f5 2. g3 Nf6 3. Bg2 e6 4. O-O Be7 5. c4 O-O 6. Nc3 d5 7. cxd5 exd5 8. e3
c6 9. b3 Nbd7 10. Bb2 Ne4 11. Ne2 Bf6 12. Qc2 Bxb2 13. Qxb2 Qf6 14. Qxf6 Ndxf6
15. b4 a5 16. d3 Nd6 17. Rfb1 axb4 18. Rxb4 Ra3 19. Rb3 Ra5 20. d4 Nc4 21. Nf4
Ne4 22. Nd3 Ncd2 23. Nxd2 Nxd2 24. Rb4 Nc4 25. Nc5 Nd6 26. a4 g5 27. f4 h6 28.
Bf1 Re8 29. Kf2 Kf7 30. Bd3 Kf6 31. Nb3 Ra7 32. a5 Re7 33. Rb6 Rc7 34. Nc5 Be6
35. a6 bxa6 36. Raxa6 Rxa6 37. Nxa6 Nc8 38. Rb8 Ra7 39. Nb4 Ne7 40. Ba6 Bd7 41.
Rb6 Ke6 42. Nd3 Kd6 43. Nc5 Bc8 44. Be2 Ra2 45. fxg5 hxg5 46. h4 gxh4 47. gxh4
f4 48. Kf3 0-1

[Event "Mistrzostwa Polski Seniorow oraz Osob Ni"]
[Site "WZW "]
[Date "2013.10.02"]
[Round "3.2"]
[White "Wojcieszyn, Zdzislaw"]
[Black "Gasik, Piotr"]
[Result "0-1"]
[WhiteElo "2005"]
[BlackElo "2143"]
[PlyCount "58"]
[EventDate "2013.??.??"]

1. c4 f5 2. d4 Nf6 3. Nc3 g6 4. g3 Bg7 5. Bg2 O-O 6. Nf3 d6 7. O-O c6 8. Re1
Ne4 9. Qc2 Nxc3 10. Qxc3 c5 11. Qd3 Nc6 12. dxc5 Nb4 13. Qb3 dxc5 14. Rd1 Qc7
15. Bd2 a5 16. Rac1 e5 17. e4 fxe4 18. Ne1 Bg4 19. Bxe4 Bxd1 20. Rxd1 Rad8 21.
a3 Nc6 22. Bd5+ Kh8 23. Qb5 Nd4 24. Qxa5 b6 25. Qa6 Rd6 26. Kg2 Rb8 27. Rb1 Nb3
28. Qb5 Nxd2 29. Rd1 Ne4 0-1

[Event "Mistrzostwa Polski Seniorow oraz Osob Ni"]
[Site "WZW "]
[Date "2013.10.02"]
[Round "3.3"]
[White "Kosny, Marek"]
[Black "Hucz, Alfred"]
[Result "1-0"]
[WhiteElo "1961"]
[BlackElo "2031"]
[PlyCount "70"]
[EventDate "2013.??.??"]

1. Nf3 Nf6 2. c4 g6 3. g3 Bg7 4. Bg2 O-O 5. Nc3 d6 6. O-O e5 7. d4 exd4 8. Nxd4
Nbd7 9. Bg5 h6 10. Bf4 Nc5 11. h3 Rb8 12. Qd2 Kh7 13. Rac1 Re8 14. g4 Bd7 15.
f3 Ne6 16. Be3 Qe7 17. Nc2 a6 18. Bf2 Rbd8 19. e4 c6 20. Bg3 Bc8 21. Ne3 Ng8
22. Ne2 Rd7 23. Rcd1 Red8 24. b3 Nc7 25. Qa5 Ne8 26. h4 b6 27. Qxb6 Bb7 28. Qa5
d5 29. c5 d4 30. Nc4 d3 31. Nf4 Bd4+ 32. Bf2 Qxh4 33. Ne5 Bxf2+ 34. Rxf2 Rc7
35. Nfxd3 Qe7 1-0

[Event "Mistrzostwa Polski Seniorow oraz Osob Ni"]
[Site "WZW "]
[Date "2013.10.02"]
[Round "3.4"]
[White "Rusin, Ryszard"]
[Black "Lada, Ireneusz"]
[Result "0-1"]
[WhiteElo "1898"]
[BlackElo "1933"]
[PlyCount "71"]
[EventDate "2013.??.??"]

1. d4 d6 2. c4 e5 3. dxe5 dxe5 4. Qxd8+ Kxd8 5. Nc3 Be6 6. e4 c6 7. f4 exf4 8.
Bxf4 Nd7 9. Nf3 Bb4 10. O-O-O Bxc3 11. bxc3 Ke8 12. Nd4 Nc5 13. Nxe6 Nxe6 14.
Bg3 Nf6 15. Bd3 Rd8 16. Rhe1 Nh5 17. Re3 Nxg3 18. Rxg3 Nc5 19. Kc2 g6 20. Rb1
Ke7 21. Rf3 b6 22. Rbf1 Rhf8 23. Re3 Rd7 24. Be2 Rfd8 25. Rd1 Rxd1 26. Bxd1 Ke6
27. e5 Ke7 28. Bf3 Rc8 29. Bg4 Rc7 30. Rh3 h5 31. Be2 Kf8 32. g4 hxg4 33. Bxg4
Re7 34. Re3 f6 35. e6 f5 36. Bf3 0-1

[Event "Mistrzostwa Polski Seniorow oraz Osob Ni"]
[Site "WZW "]
[Date "2013.10.02"]
[Round "3.5"]
[White "Muc, Zbigniew"]
[Black "Majewski, Stanislaw"]
[Result "1-0"]
[WhiteElo "1743"]
[BlackElo "1842"]
[PlyCount "59"]
[EventDate "2013.??.??"]

1. e4 d6 2. d4 g6 3. Nf3 Bg7 4. Nc3 c6 5. Be3 Nf6 6. Be2 O-O 7. O-O b5 8. a3 a6
9. h3 Nbd7 10. Qd2 e5 11. Rad1 Qc7 12. Rfe1 a5 13. b4 axb4 14. axb4 Ra3 15.
Bxb5 Nxe4 16. Nxe4 cxb5 17. dxe5 dxe5 18. Nd6 Ba6 19. Ng5 Nf6 20. Bc5 Rd8 21.
Qc1 Rxd6 22. Bxd6 Qc3 23. Re3 Qxe3 24. fxe3 Ra4 25. Bxe5 Ne8 26. Qb2 f6 27.
Qb3+ Kh8 28. Nf7+ Kg8 29. Nh6+ Kh8 30. Qg8# 1-0

[Event "Mistrzostwa Polski Seniorow oraz Osob Ni"]
[Site "WZW "]
[Date "2013.10.02"]
[Round "3.6"]
[White "Duda, Henryk"]
[Black "Niecko, Stanislaw"]
[Result "0-1"]
[WhiteElo "1341"]
[BlackElo "1817"]
[PlyCount "86"]
[EventDate "2013.??.??"]

1. d4 Nf6 2. c4 c5 3. e3 g6 4. Nc3 Bg7 5. Nf3 O-O 6. Bd3 d6 7. O-O e6 8. Qc2 a6
9. Rb1 Nc6 10. a3 Bd7 11. Na4 b6 12. b3 Rb8 13. Qe2 Qc7 14. Bb2 cxd4 15. Bxd4
Nxd4 16. Nxd4 e5 17. Nc2 e4 18. Bxe4 Nxe4 19. f3 Nc5 20. Nxc5 dxc5 21. a4 a5
22. Rbd1 Bc6 23. Rd3 Rbd8 24. Rfd1 Rxd3 25. Rxd3 Rd8 26. g3 Rxd3 27. Qxd3 Bxf3
28. Kf2 Bc6 29. Ke2 h5 30. e4 h4 31. Kf2 hxg3+ 32. hxg3 Be5 33. Qe3 Qd8 34. Ke2
Qd7 35. Kf2 Bd4 36. Nxd4 Qxd4 37. Qxd4 cxd4 38. e5 Kg7 39. Ke2 Be4 40. Kd2 f5
41. Kc1 Kf7 42. Kb2 Ke6 43. Ka3 d3 0-1

[Event "Mistrzostwa Polski Seniorow oraz Osob Ni"]
[Site "WZW "]
[Date "2013.10.02"]
[Round "3.7"]
[White "Santura, Janusz"]
[Black "Grabarczyk, Edmund"]
[Result "1-0"]
[WhiteElo "1807"]
[BlackElo "1394"]
[PlyCount "99"]
[EventDate "2013.??.??"]

1. d4 Nf6 2. Nf3 g6 3. c4 Bg7 4. Nc3 d5 5. cxd5 Nxd5 6. e4 Nxc3 7. bxc3 O-O 8.
Be2 c5 9. Be3 Qa5 10. Bd2 Qc7 11. O-O b6 12. Re1 Bg4 13. Rc1 Nd7 14. h3 Bxf3
15. Bxf3 Rad8 16. Bg5 Rfe8 17. Qe2 c4 18. Bh4 b5 19. e5 Nb6 20. e6 f5 21. Bg5
h6 22. Bd2 Nd5 23. g3 b4 24. cxb4 Bxd4 25. Rxc4 Qxg3+ 26. Bg2 Bb6 27. a4 Qb8
28. Bxh6 Nxb4 29. Qb2 Bxf2+ 30. Kh1 Rd4 31. Rxd4 Nd3 32. Qxb8 Rxb8 33. Rxd3
Bxe1 34. Kh2 Bh4 35. Rd7 Rb3 36. Bf4 g5 37. Be5 f4 38. Rxe7 Bg3+ 39. Kg1 Re3
40. Rg7+ Kf8 41. Rxg5 Ke7 42. Bd4 Re1+ 43. Bf1 Kxe6 44. Bxa7 Ra1 45. a5 Bh4 46.
Rh5 Bg3 47. a6 Kf7 48. Bd4 Ra4 49. a7 Kg6 50. Rh8 1-0

[Event "Mistrzostwa Polski Seniorow oraz Osob Ni"]
[Site "WZW "]
[Date "2013.10.02"]
[Round "3.8"]
[White "Rychlik, Bogdan"]
[Black "Feliksinski, Tadeusz"]
[Result "1-0"]
[WhiteElo "1780"]
[BlackElo "1713"]
[PlyCount "103"]
[EventDate "2013.??.??"]

1. e4 d5 2. exd5 Qxd5 3. Nc3 Qd6 4. d4 Nf6 5. Nge2 Bg4 6. h3 Bh5 7. g4 Bg6 8.
Bg2 c6 9. a3 e6 10. Bf4 Qd8 11. O-O Bd6 12. Qd2 O-O 13. Bxd6 Qxd6 14. Rac1 Rd8
15. Rfd1 Nd5 16. Ne4 Qe7 17. c4 Nf6 18. Qe3 Nxe4 19. Bxe4 Bxe4 20. Qxe4 Qd6 21.
Nf4 Na6 22. b4 Nc7 23. Rd3 f5 24. Qe3 g5 25. Nh5 h6 26. c5 Qf8 27. Qe5 Qf7 28.
Nf6+ Kf8 29. gxf5 exf5 30. Re1 Nd5 31. Nxd5 Rxd5 32. Qh8+ Qg8 33. Qxh6+ Qg7 34.
Qxg7+ Kxg7 35. Re7+ Kf6 36. Rxb7 Rad8 37. Rc7 Rxd4 38. Rxc6+ Ke5 39. Re3+ Kf4
40. Rce6 Rd3 41. Kg2 g4 42. hxg4 Kxg4 43. Rxd3 Rxd3 44. Re3 Rd7 45. c6 Rc7 46.
b5 f4 47. Rd3 a6 48. a4 axb5 49. axb5 Rf7 50. f3+ Kf5 51. Rd7 Rf8 52. b6 1-0

[Event "Mistrzostwa Polski Seniorow oraz Osob Ni"]
[Site "WZW "]
[Date "2013.10.02"]
[Round "3.9"]
[White "Solek, Zenon"]
[Black "Kondrusik, Aleksander"]
[Result "1-0"]
[WhiteElo "1820"]
[BlackElo "1530"]
[PlyCount "44"]
[EventDate "2013.??.??"]

1. e4 e5 2. Nf3 Nc6 3. d4 exd4 4. Nxd4 Bc5 5. Be3 Bxd4 6. Bxd4 Nxd4 7. Qxd4 Qf6
8. e5 Qe7 9. Be2 Nh6 10. Nc3 O-O 11. O-O Nf5 12. Qe4 d6 13. exd6 Qxe4 14. Nxe4
Re8 15. Nc3 cxd6 16. Rfe1 Bd7 17. f3 Rad8 18. Kf2 Bc8 19. Rad1 h6 20. Bc4 Be6
21. Bb5 Bd7 22. Bxd7 Rxd7 1-0